[Event "Poznan op 26th"]
[Site "Poznan"]
[Date "2018.08.24"]
[Round "7"]
[White "Polarczyk, Pawel"]
[Black "Kaluzny, Jan"]
[Result "1-0"]
[WhiteElo "1811"]
[BlackElo "1375"]
[PlyCount "41"]
[EventDate "2018.08.19"]
[EventType "swiss"]
[EventRounds "9"]
[EventCountry "POR"]
[SourceTitle "CBM 186 Extra"]
[Source "ChessBase"]
[SourceDate "2018.08.24"]
[SourceVersion "1"]
[SourceVersionDate "2018.08.24"]
[SourceQuality "1"]

1. e4 c5 2. g3 Nc6 3. Bg2 Nf6 4. Ne2 e6 5. 0-0 d5 6. exd5 exd5 7. d4 b6 8. Nbc3 cxd4 9. Nxd4 Nxd4 10. Qxd4 Bb7 11. Bg5 Be7 12. Rad1 h6 13. Bxf6 Bxf6 14. Qe3+ Be7 15. Nxd5 Rb8 16. Nf6+ gxf6 17. Rxd8+ Kxd8 18. Rd1+ Ke8 19. Re1 Kf8 20. Qxe7+ Kg7 21. Bxb7 1-0

[Event "Poznan op 26th"]
[Site "Poznan"]
[Date "2018.08.23"]
[Round "6"]
[White "Kaluzny, Jan"]
[Black "Kugler, Pawel"]
[Result "1-0"]
[WhiteElo "1375"]
[BlackElo "1561"]
[PlyCount "95"]
[EventDate "2018.08.19"]
[EventType "swiss"]
[EventRounds "9"]
[EventCountry "POR"]
[SourceTitle "CBM 186 Extra"]
[Source "ChessBase"]
[SourceDate "2018.08.24"]
[SourceVersion "1"]
[SourceVersionDate "2018.08.24"]
[SourceQuality "1"]

1. e4 e6 2. d4 b6 3. Nf3 Bb7 4. Nc3 c5 5. d5 exd5 6. exd5 d6 7. Be2 Be7 8. 0-0 Nf6 9. b3 0-0 10. Bb2 a6 11. a4 Re8 12. Qd2 Nbd7 13. Rfe1 Bf8 14. Bc4 Qc7 15. Rad1 g6 16. Ba1 Bg7 17. h3 Rxe1+ 18. Rxe1 Re8 19. Rxe8+ Nxe8 20. Qe1 Nef6 21. Qd1 Qd8 22. Ne2 Qe8 23. Bxf6 Nxf6 24. Qd3 Qc8 25. Nf4 Nd7 26. Qe2 Ne5 27. Nxe5 Bxe5 28. Nd3 Bf6 29. Ne1 a5 30. Nf3 Qd8 31. Qe4 Qe7 32. Qxe7 Bxe7 33. Kf1 f5 34. Ke2 Bf6 35. h4 h6 36. g3 Kg7 37. Ke3 g5 38. hxg5 hxg5 39. Ne1 Bd4+ 40. Ke2 Kg6 41. Nd3 Bc8 42. Bb5 Kf6 43. g4 Ke7 44. Kf3 Bb7 45. Kg3 Kf6 46. Be8 Ke7 47. Bc6 Bxc6 48. dxc6 1-0

[Event "Poznan op 26th"]
[Site "Poznan"]
[Date "2018.08.22"]
[Round "5"]
[White "Biniak, Zuzanna"]
[Black "Kaluzny, Jan"]
[Result "0-1"]
[WhiteElo "1048"]
[BlackElo "1375"]
[PlyCount "102"]
[EventDate "2018.08.19"]
[EventType "swiss"]
[EventRounds "9"]
[EventCountry "POR"]
[SourceTitle "CBM 186 Extra"]
[Source "ChessBase"]
[SourceDate "2018.08.24"]
[SourceVersion "1"]
[SourceVersionDate "2018.08.24"]
[SourceQuality "1"]

1. e4 c5 2. Nf3 Nc6 3. d4 cxd4 4. Nxd4 Nf6 5. Nc3 d6 6. Bb5 Bd7 7. Be3 a6 8. Bd3 Ng4 9. Nxc6 bxc6 10. Qd2 Nxe3 11. Qxe3 g6 12. 0-0 Bg7 13. Rab1 0-0 14. Ne2 e6 15. Qg3 d5 16. e5 f6 17. f4 fxe5 18. fxe5 Qc7 19. Rxf8+ Rxf8 20. Rf1 Qb6+ 21. Rf2 Bxe5 22. Qh4 Bxh2+ 23. Kxh2 Qxf2 24. Qxf2 Rxf2 25. Bxa6 c5 26. b3 c4 27. bxc4 Rxe2 28. cxd5 Rxc2 29. dxe6 Bxe6 30. a4 Ra2 31. Bb5 Kg7 32. Kg3 Bd5 33. Kf4 Bxg2 34. Ke5 h5 35. Kf4 Bd5 36. Kg5 Bb3 37. Be8 Bxa4 38. Bxg6 Bd1 39. Bb1 Rg2+ 40. Kh4 Bf3 41. Bf5 Kf6 42. Bh3 Rg1 43. Bc8 Ke5 44. Bd7 Kf4 45. Bh3 Be2 46. Bg4 Rxg4+ 47. Kxh5 Rg1+ 48. Kh6 Kf5 49. Kh7 Kf6 50. Kh8 Kf7 51. Kh7 Rh1# 0-1

[Event "Poznan op 26th"]
[Site "Poznan"]
[Date "2018.08.19"]
[Round "1"]
[White "Nadstoga, Wojciech"]
[Black "Kaluzny, Jan"]
[Result "1-0"]
[WhiteElo "1928"]
[BlackElo "1375"]
[PlyCount "65"]
[EventDate "2018.08.19"]
[EventType "swiss"]
[EventRounds "9"]
[EventCountry "POR"]
[SourceTitle "CBM 186 Extra"]
[Source "ChessBase"]
[SourceDate "2018.08.24"]
[SourceVersion "1"]
[SourceVersionDate "2018.08.24"]
[SourceQuality "1"]

1. Nf3 c5 2. g3 Nf6 3. Bg2 Nc6 4. d3 d6 5. c3 g6 6. 0-0 Bg7 7. e4 0-0 8. Qc2 Nd7 9. Ng5 Qc7 10. f4 e6 11. Nd2 Nb6 12. Ndf3 d5 13. e5 Bd7 14. Qf2 Ne7 15. h4 Bb5 16. Rd1 Rad8 17. h5 Nf5 18. Nh2 d4 19. c4 Bc6 20. hxg6 hxg6 21. Ng4 Nh6 22. Nh2 Rfe8 23. Be4 Bxe4 24. Nxe4 Nd7 25. g4 Rf8 26. g5 Nf5 27. Ng4 b6 28. Qh2 Rfe8 29. Kf2 Qb7 30. Rh1 Ra8 31. Ngf6+ Nxf6 32. gxf6 Bf8 33. Qh8# 1-0

[Event "Poznan op 25th"]
[Site "Poznan"]
[Date "2017.08.26"]
[Round "8"]
[White "Dopierala, Adam"]
[Black "Kaluzny, Jan"]
[Result "0-1"]
[WhiteElo "1059"]
[BlackElo "1350"]
[PlyCount "92"]
[EventDate "2017.08.20"]
[EventType "swiss"]
[EventRounds "9"]
[EventCountry "POL"]
[SourceTitle "CBM 180 Extra"]
[Source "ChessBase"]
[SourceDate "2017.10.06"]
[SourceVersion "1"]
[SourceVersionDate "2017.10.06"]
[SourceQuality "1"]

1. e4 c5 2. Nc3 Nc6 3. Nf3 d6 4. Be2 Nf6 5. 0-0 e6 6. d4 cxd4 7. Nxd4 Be7 8. Nf3 0-0 9. Bf4 a6 10. e5 Nh5 11. exd6 Nxf4 12. dxe7 Qxe7 13. Bc4 b5 14. Bd3 Bb7 15. Qd2 Nxd3 16. cxd3 Rfd8 17. Rfe1 Nb4 18. Re3 Nd5 19. Re5 Rac8 20. Nxd5 Bxd5 21. Qf4 Bb7 22. Rd1 Rc2 23. Rd2 Rxd2 24. Qxd2 h6 25. Re3 Qd6 26. Nh4 Qc6 27. Rg3 Rc8 28. Qe1 Qc1 29. Re3 Qxb2 30. Qa5 Rc1+ 31. Re1 Rxe1+ 32. Qxe1 Qxa2 33. h3 Qa4 34. Qe5 Bd5 35. Nf5 exf5 36. Qxd5 Qa1+ 37. Kh2 Qf6 38. Qa2 b4 39. Qa4 Qd6+ 40. Kg1 Qb8 41. Qxa6 b3 42. Qa1 b2 43. Qb1 Qb3 44. d4 Qc3 45. Qxf5 Qc1+ 46. Kh2 b1Q 0-1

[Event "Poznan op 25th"]
[Site "Poznan"]
[Date "2017.08.23"]
[Round "5"]
[White "Kaluzny, Jan"]
[Black "Wasiak, Stanislaw"]
[Result "1/2-1/2"]
[WhiteElo "1350"]
[BlackElo "1551"]
[PlyCount "24"]
[EventDate "2017.08.20"]
[EventType "swiss"]
[EventRounds "9"]
[EventCountry "POL"]
[SourceTitle "CBM 180 Extra"]
[Source "ChessBase"]
[SourceDate "2017.10.06"]
[SourceVersion "1"]
[SourceVersionDate "2017.10.06"]
[SourceQuality "1"]

1. e4 e6 2. d4 d5 3. e5 c5 4. c3 Nc6 5. Nf3 Qb6 6. Be2 Bd7 7. a3 cxd4 8. cxd4 Rc8 9. b4 Nge7 10. Bb2 a5 11. b5 Na7 12. a4 Nf5 1/2-1/2

[Event "Poznan op 24th"]
[Site "Poznan"]
[Date "2016.08.15"]
[Round "9"]
[White "Kaluzny, Jan"]
[Black "Zurawski, Kamil"]
[Result "0-1"]
[WhiteElo "1386"]
[BlackElo "1701"]
[PlyCount "72"]
[EventDate "2016.08.08"]
[EventType "swiss"]
[EventRounds "9"]
[EventCountry "POL"]
[SourceTitle "EXT 2017"]
[Source "ChessBase"]
[SourceDate "2016.10.25"]
[SourceVersion "1"]
[SourceVersionDate "2016.10.25"]
[SourceQuality "1"]

1. e4 e6 2. d4 d5 3. e5 c5 4. c3 Nc6 5. Nf3 Bd7 6. Be2 Qc7 7. a3 f6 8. Bb5 0-0-0 9. Bxc6 Bxc6 10. b4 c4 11. 0-0 h6 12. Qe2 f5 13. a4 g5 14. Ba3 Be7 15. b5 Be8 16. Bxe7 Nxe7 17. Na3 Ng6 18. Rfb1 Qe7 19. a5 g4 20. Ne1 Nf4 21. Qa2 h5 22. Nec2 Ne2+ 23. Kh1 Nxc3 24. Qb2 Nxb1 25. Rxb1 h4 26. b6 a6 27. Nb4 Kb8 28. Nxa6+ bxa6 29. b7 Rd7 30. Qb6 Rxb7 31. Qxa6 Rxb1+ 32. Nxb1 Qb7 33. Qd6+ Ka7 34. Nc3 Bd7 35. a6 Qc6 36. Qe7 Rb8 0-1

[Event "Poznan op 24th"]
[Site "Poznan"]
[Date "2016.08.12"]
[Round "5"]
[White "Kaluzny, Jan"]
[Black "Raczynski, Krzysztof"]
[Result "1/2-1/2"]
[WhiteElo "1386"]
[BlackElo "2039"]
[PlyCount "96"]
[EventDate "2016.08.08"]
[EventType "swiss"]
[EventRounds "9"]
[EventCountry "POL"]
[SourceTitle "CBM 173 Extra"]
[Source "ChessBase"]
[SourceDate "2016.08.29"]
[SourceVersion "1"]
[SourceVersionDate "2016.08.29"]
[SourceQuality "1"]

1. e4 c5 2. Nf3 d6 3. d4 cxd4 4. Nxd4 Nf6 5. Nc3 a6 6. Bc4 e6 7. Bb3 b5 8. 0-0 Nbd7 9. Re1 Bb7 10. f3 Qc7 11. Be3 Nc5 12. a3 Nxb3 13. Nxb3 Be7 14. Qe2 0-0 15. Qf2 Rac8 16. Bb6 Qb8 17. Ba7 Qa8 18. Na5 d5 19. Nxb7 Qxb7 20. exd5 Nxd5 21. Nxd5 Qxd5 22. Rad1 Qc4 23. c3 Rfd8 24. Bb6 Rd5 25. Rxd5 Qxd5 26. Qd4 Qc6 27. Rd1 f6 28. Qf2 Rb8 29. Be3 Rb7 30. Qd2 Kf7 31. Kf2 Qc7 32. h3 Qc6 33. Qd3 g6 34. Ke2 Qc4 35. b4 Qa2+ 36. Rd2 Qxa3 37. Bf4 Qb3 38. Kf2 e5 39. Be3 Qc4 40. Qxc4+ bxc4 41. Ra2 Rd7 42. Rxa6 Rd3 43. Ra7 Ke6 44. Ra6+ Kd7 45. Ra7+ Ke8 46. Ra8+ Kf7 47. Ra7 Ke6 48. Ra6+ Kd7 1/2-1/2

[Event "POL-chT U19 Wielkopolskie"]
[Site "Poland"]
[Date "2016.02.14"]
[Round "4.8"]
[White "Kaluzny, Jan"]
[Black "Zurawski, Kamil"]
[Result "0-1"]
[WhiteElo "1425"]
[BlackElo "1673"]
[PlyCount "72"]
[EventDate "2016.02.13"]
[EventType "team-tourn"]
[EventRounds "9"]
[EventCountry "POL"]
[SourceTitle "EXT 2019"]
[Source "ChessBase"]
[SourceDate "2018.10.10"]
[SourceVersion "1"]
[SourceVersionDate "2018.10.10"]
[SourceQuality "1"]

1. e4 c5 2. Nf3 Nc6 3. d4 cxd4 4. Nxd4 Nf6 5. Nc3 e5 6. Ndb5 d6 7. Bg5 a6 8. Bxf6 gxf6 9. Na3 b5 10. Nd5 f5 11. c3 fxe4 12. Bxb5 Bd7 13. Bxa6 Rxa6 14. Nb5 Ra7 15. Nxa7 Nxa7 16. Qe2 Bg7 17. Qxe4 0-0 18. 0-0 Bc6 19. Rfd1 Kh8 20. Qc4 f5 21. Nb4 Be4 22. Qa6 Qg5 23. Qf1 Nc8 24. f3 Bb7 25. Nd5 Ne7 26. Nxe7 Qxe7 27. Qd3 Rf6 28. a4 e4 29. fxe4 Bxe4 30. Qe2 Rg6 31. Qb5 Rxg2+ 32. Kf1 h6 33. Qb8+ Kh7 34. Re1 Qh4 35. Re2 Qf4+ 36. Ke1 Rg1# 0-1

[Event "POL-chT U19 Wielkopolskie"]
[Site "Poland"]
[Date "2016.02.14"]
[Round "3.26"]
[White "Rosenfeld, Noe"]
[Black "Kaluzny, Jan"]
[Result "0-1"]
[WhiteElo "1273"]
[BlackElo "1425"]
[PlyCount "60"]
[EventDate "2016.02.13"]
[EventType "team-tourn"]
[EventRounds "9"]
[EventCountry "POL"]
[SourceTitle "EXT 2019"]
[Source "ChessBase"]
[SourceDate "2018.10.10"]
[SourceVersion "1"]
[SourceVersionDate "2018.10.10"]
[SourceQuality "1"]

1. e4 c5 2. Nc3 Nc6 3. f4 d6 4. Nf3 Nf6 5. Bc4 e6 6. d3 Be7 7. Bd2 0-0 8. h3 Bd7 9. g4 a6 10. a4 Nd4 11. g5 Ne8 12. Be3 b5 13. axb5 axb5 14. Rxa8 Qxa8 15. Bb3 Nxb3 16. cxb3 Bc6 17. Bf2 d5 18. Qe2 b4 19. exd5 Bxd5 20. Ne4 Nd6 21. Bxc5 Nxe4 22. dxe4 Bxe4 23. Bxe7 Bxf3 24. Qh2 Bxh1 25. Bxf8 Kxf8 26. Qe2 Qe4 27. Qxe4 Bxe4 28. Ke2 Ke7 29. Ke3 Bd5 30. Kd4 Kd6 0-1

[Event "POL-chT3 Wielkopolskie 1516"]
[Site "Poland"]
[Date "2016.01.17"]
[Round "3.35"]
[White "Wloch, Roman"]
[Black "Kaluzny, Jan"]
[Result "1-0"]
[WhiteElo "1659"]
[BlackElo "1454"]
[PlyCount "89"]
[EventDate "2016.01.10"]
[EventType "team-tourn"]
[EventRounds "11"]
[EventCountry "POL"]
[SourceTitle "EXT 2019"]
[Source "ChessBase"]
[SourceDate "2018.10.10"]
[SourceVersion "1"]
[SourceVersionDate "2018.10.10"]
[SourceQuality "1"]

1. d4 d5 2. c4 e6 3. Nf3 c6 4. e3 Nf6 5. Nc3 Bd6 6. Bd3 0-0 7. 0-0 b6 8. Re1 Bb7 9. Qc2 Nbd7 10. e4 dxe4 11. Nxe4 Nxe4 12. Bxe4 f5 13. Bd3 Re8 14. Bd2 Qc7 15. Rac1 Bf4 16. d5 cxd5 17. cxd5 Qxc2 18. Rxc2 Bxd2 19. Rxd2 Bxd5 20. Bxf5 Nf6 21. Bb1 Re7 22. Ne5 Nd7 23. Nxd7 Rxd7 24. Be4 Rad8 25. Red1 h6 26. f3 Kf7 27. Kf2 Ke7 28. Bxd5 Rxd5 29. Rxd5 Rxd5 30. Rxd5 exd5 31. Ke3 Kd6 32. Kd4 Ke6 33. f4 Kf5 34. Kxd5 Kxf4 35. Kc6 Ke3 36. Kb7 Kf2 37. g3 Kg2 38. Kxa7 Kxh2 39. Kxb6 Kxg3 40. a4 h5 41. a5 h4 42. a6 h3 43. a7 h2 44. a8Q Kh3 45. Qf3+ 1-0

[Event "Poznan op 23rd"]
[Site "Poznan"]
[Date "2015.08.13"]
[Round "4"]
[White "Kaluzny, Jan"]
[Black "Huchwajda, Grzegorz"]
[Result "1-0"]
[WhiteElo "1282"]
[BlackElo "1488"]
[PlyCount "69"]
[EventDate "2015.08.10"]
[EventType "swiss"]
[EventRounds "9"]
[EventCountry "POL"]
[SourceTitle "CBM 167 Extra"]
[Source "ChessBase"]
[SourceDate "2015.09.14"]
[SourceVersion "1"]
[SourceVersionDate "2015.09.14"]
[SourceQuality "1"]

1. e4 c5 2. Nf3 e6 3. d4 cxd4 4. Nxd4 a6 5. Nc3 Qc7 6. Be2 Nc6 7. 0-0 Nf6 8. Be3 Bb4 9. f3 b5 10. Nxc6 dxc6 11. Bd2 Be7 12. Kh1 0-0 13. Qe1 Bb7 14. Bd3 e5 15. Qe2 c5 16. b3 Rac8 17. Qe1 Rfd8 18. f4 Bd6 19. f5 c4 20. bxc4 bxc4 21. Be2 Nxe4 22. Nxe4 Bxe4 23. f6 Bg6 24. Ba5 Qc5 25. Bxd8 Rxd8 26. Qc3 Rc8 27. Rad1 Qc7 28. Rf2 Bc5 29. Qxc4 Qb6 30. Rff1 gxf6 31. Bd3 Rc7 32. Bxg6 hxg6 33. Rb1 Qd6 34. Rb8+ Kg7 35. Qh4 1-0

[Event "Poznan op 23rd"]
[Site "Poznan"]
[Date "2015.08.11"]
[Round "2"]
[White "Wegrzyniak, Pawel"]
[Black "Kaluzny, Jan"]
[Result "1-0"]
[WhiteElo "1583"]
[BlackElo "1282"]
[PlyCount "85"]
[EventDate "2015.08.10"]
[EventType "swiss"]
[EventRounds "9"]
[EventCountry "POL"]
[SourceTitle "CBM 167 Extra"]
[Source "ChessBase"]
[SourceDate "2015.09.14"]
[SourceVersion "1"]
[SourceVersionDate "2015.09.14"]
[SourceQuality "1"]

1. e4 c5 2. Nf3 Nc6 3. d4 cxd4 4. Nxd4 Nf6 5. Nc3 d6 6. Be2 e6 7. 0-0 Be7 8. Kh1 0-0 9. f4 a6 10. Be3 Bd7 11. Bf3 Qc7 12. f5 Nxd4 13. Bxd4 e5 14. Be3 Bc6 15. Qd2 Ne8 16. Rad1 Rc8 17. g4 f6 18. Qf2 Kh8 19. Qh4 Rg8 20. Rd2 Qd7 21. Be2 b5 22. Rf3 g5 23. fxg6 Rxg6 24. Rh3 Bd8 25. Qh5 Rg8 26. g5 fxg5 27. Bg4 Qc7 28. Bxc8 Nf6 29. Qh6 Qxc8 30. Rxd6 Qc7 31. Rxf6 Bxf6 32. Qxf6+ Rg7 33. Bxg5 Kg8 34. Bh6 Qe7 35. Qxg7+ Qxg7 36. Bxg7 Kxg7 37. Rf3 Kg6 38. Kg2 b4 39. Nd5 Bxd5 40. exd5 e4 41. Rf1 e3 42. Rf3 e2 43. Re3 1-0

[Event "POL-chT U19 3rd League Wielkopolska"]
[Site "Wielkopolska"]
[Date "2014.12.30"]
[Round "4.8"]
[White "Kaluzny, Jan"]
[Black "Kowalski, Jakub"]
[Result "1-0"]
[WhiteElo "1411"]
[BlackElo "1193"]
[PlyCount "105"]
[EventDate "2014.01.18"]
[EventType "team-tourn"]
[EventRounds "9"]
[EventCountry "POL"]
[SourceTitle "EXT 2020"]
[Source "ChessBase"]
[SourceDate "2019.10.17"]
[SourceVersion "1"]
[SourceVersionDate "2019.10.17"]
[SourceQuality "1"]
[WhiteTeam "Poznan Politechnika U19"]
[BlackTeam "Konin UKS Smecz U19 II"]
[WhiteTeamCountry "POL"]
[BlackTeamCountry "POL"]

1. e4 e5 2. Nf3 Nc6 3. Bc4 Bc5 4. c3 Nf6 5. d4 exd4 6. e5 Ng4 7. cxd4 Bb4+ 8. Nc3 d6 9. exd6 Bxd6 10. 0-0 Nf6 11. Re1+ Be7 12. Qe2 0-0 13. d5 Nb8 14. Qxe7 Qxe7 15. Rxe7 c6 16. Re1 cxd5 17. Nxd5 Nxd5 18. Bxd5 Nc6 19. Bxc6 bxc6 20. Bf4 Be6 21. a3 a5 22. b4 axb4 23. axb4 Rfc8 24. Bd6 Rd8 25. Red1 Bd5 26. Bc5 h6 27. Nd4 Re8 28. h3 Re5 29. Re1 Rae8 30. Rxe5 Rxe5 31. Ra6 Re1+ 32. Kh2 Rb1 33. Nxc6 Bxc6 34. Rxc6 f6 35. Rc7 Kh7 36. Rb7 Kg6 37. b5 Kf5 38. Bd6 Ke6 39. Bg3 Kd5 40. b6 Kc6 41. Rb8 Rxb6 42. Rxb6+ Kxb6 43. Bf4 Kc6 44. Kg3 Kd5 45. Kf3 Ke6 46. g4 g5 47. Bd2 Ke5 48. Bc3+ Ke6 49. Ke4 Kf7 50. Kf5 Kg7 51. Bxf6+ Kf7 52. Bb2 Ke7 53. Kg6 1-0

[Event "POL-chT U19 3rd League Wielkopolska"]
[Site "Wielkopolska"]
[Date "2014.12.30"]
[Round "5.13"]
[White "Kaluzny, Jan"]
[Black "Kwiatkowski, Wiktor"]
[Result "0-1"]
[WhiteElo "1411"]
[BlackElo "1927"]
[PlyCount "72"]
[EventDate "2014.01.18"]
[EventType "team-tourn"]
[EventRounds "9"]
[EventCountry "POL"]
[SourceTitle "EXT 2020"]
[Source "ChessBase"]
[SourceDate "2019.10.17"]
[SourceVersion "1"]
[SourceVersionDate "2019.10.17"]
[SourceQuality "1"]
[WhiteTeam "Poznan Politechnika U19"]
[BlackTeam "Koscielec UKS Kielbaska U19"]
[WhiteTeamCountry "POL"]
[BlackTeamCountry "POL"]

1. e4 c5 2. Nf3 d6 3. d4 cxd4 4. Nxd4 Nf6 5. Nc3 a6 6. Be2 e6 7. 0-0 Nbd7 8. Kh1 Qc7 9. Be3 b5 10. a3 Bb7 11. f3 d5 12. exd5 Nxd5 13. Nxd5 Bxd5 14. f4 Nf6 15. c3 Bd6 16. h3 0-0 17. Bf3 Rad8 18. Qe2 Bc4 19. Qf2 Bxf1 20. Rxf1 Bxf4 21. Nc6 Bxe3 22. Qxe3 Nd5 23. Bxd5 Rxd5 24. Nd4 Rfd8 25. Re1 e5 26. Nf5 Rd1 27. Qe2 Rxe1+ 28. Qxe1 e4 29. Nd4 Qf4 30. Qe2 e3 31. Qh5 g6 32. Qc5 Rxd4 33. Qxd4 Qxd4 34. cxd4 e2 35. d5 e1Q+ 36. Kh2 Qe5+ 0-1

[Event "POL-chT3 Wielkopolskie 1415"]
[Site "Poland"]
[Date "2014.11.30"]
[Round "1.11"]
[White "Kostecki, Samuel"]
[Black "Kaluzny, Jan"]
[Result "1/2-1/2"]
[WhiteElo "1617"]
[BlackElo "1430"]
[PlyCount "100"]
[EventDate "2014.11.30"]
[EventType "team-tourn"]
[EventRounds "11"]
[EventCountry "POL"]
[SourceTitle "EXT 2019"]
[Source "ChessBase"]
[SourceDate "2018.10.10"]
[SourceVersion "1"]
[SourceVersionDate "2018.10.10"]
[SourceQuality "1"]

1. d4 d5 2. c4 e6 3. g3 c6 4. Bg2 Nf6 5. Nf3 Be7 6. 0-0 0-0 7. Qc2 Nbd7 8. Rd1 Ne4 9. Ne5 Nxe5 10. dxe5 Nc5 11. Nd2 Qc7 12. Nf3 f6 13. exf6 Rxf6 14. b4 Ne4 15. a3 Rf8 16. Bb2 Bf6 17. Bxf6 Nxf6 18. Rac1 Bd7 19. Qb2 Rac8 20. Ne5 Qb6 21. e4 a5 22. cxd5 exd5 23. Nxd7 Nxd7 24. exd5 cxd5 25. Rxc8 Rxc8 26. Bxd5+ Kh8 27. Qd2 axb4 28. axb4 Nf6 29. Bf3 h6 30. Qd4 Qb5 31. Kg2 Qa6 32. Ra1 Qe6 33. Ra5 Qe8 34. Bxb7 Rb8 35. Bf3 Qe7 36. b5 Qc7 37. Bc6 Qxa5 38. Qd6 Qd8 39. Qe6 Ne8 40. Qg6 Nf6 41. g4 Qd4 42. h3 Qc5 43. Qf7 Rxb5 44. Bxb5 Qxb5 45. Qf8+ Kh7 46. Qa3 Qg5 47. Qd3+ Qg6 48. Qd2 h5 49. f3 hxg4 50. hxg4 Kg8 1/2-1/2

[Event "POL-chT U19 2nd League"]
[Site "Szczyrk"]
[Date "2014.07.31"]
[Round "9.104"]
[White "Gajewski, Marcin"]
[Black "Kaluzny, Jan"]
[Result "1/2-1/2"]
[WhiteElo "1415"]
[BlackElo "1367"]
[PlyCount "81"]
[EventDate "2014.07.25"]
[EventType "team-swiss"]
[EventRounds "11"]
[EventCountry "POL"]
[SourceTitle "EXT 2015"]
[Source "ChessBase"]
[SourceDate "2014.11.20"]
[SourceVersion "1"]
[SourceVersionDate "2014.11.20"]
[SourceQuality "1"]
[WhiteTeam "Czestochowa UKS Hetman U19"]
[BlackTeam "Poznan Politechnika U19"]
[WhiteTeamCountry "POL"]
[BlackTeamCountry "POL"]

1. Nf3 d5 2. g3 c6 3. Bg2 e6 4. 0-0 f5 5. d4 Nf6 6. Bf4 Bd6 7. Be5 0-0 8. Nbd2 Bxe5 9. Nxe5 Nbd7 10. Nxd7 Bxd7 11. c4 Rb8 12. c5 Ne4 13. Nf3 Ng5 14. Ne5 Nf7 15. Nd3 Qf6 16. Qa4 a6 17. e3 Rfd8 18. f4 b5 19. Qc2 Ra8 20. a4 h6 21. axb5 axb5 22. Nb4 Rdb8 23. b3 Qd8 24. Qb2 Rb7 25. Rxa8 Qxa8 26. Ra1 Ra7 27. Rxa7 Qxa7 28. Qa2 Qxa2 29. Nxa2 Nd8 30. Bf3 Nb7 31. b4 g6 32. Nc1 h5 33. Nd3 Kg7 34. Ne5 Be8 35. h4 Nd8 36. Be2 Nf7 37. Nxf7 Kxf7 38. Bd3 Bd7 39. Kf2 Ke7 40. Bc2 Kf7 41. Kf3 1/2-1/2

[Event "POL-chT U19 2nd League"]
[Site "Szczyrk"]
[Date "2014.07.27"]
[Round "4.91"]
[White "Kaluzny, Jan"]
[Black "Blaszczak, Jedrzej"]
[Result "1/2-1/2"]
[WhiteElo "1367"]
[BlackElo "1569"]
[PlyCount "104"]
[EventDate "2014.07.25"]
[EventType "team-swiss"]
[EventRounds "11"]
[EventCountry "POL"]
[SourceTitle "EXT 2015"]
[Source "ChessBase"]
[SourceDate "2014.11.20"]
[SourceVersion "1"]
[SourceVersionDate "2014.11.20"]
[SourceQuality "1"]
[WhiteTeam "Poznan Politechnika U19"]
[BlackTeam "Gliwice Carbo U19"]
[WhiteTeamCountry "POL"]
[BlackTeamCountry "POL"]

1. e4 d6 2. d4 Nf6 3. Nc3 g6 4. Nf3 Bg7 5. h3 c5 6. dxc5 Qa5 7. Bd2 Qxc5 8. Be2 0-0 9. 0-0 Nc6 10. Na4 Qh5 11. Ng5 Qh4 12. g3 Qh6 13. h4 Nd4 14. Ne6 Nxe2+ 15. Qxe2 Qh5 16. Qxh5 gxh5 17. Nxf8 Nxe4 18. Bc3 Nxc3 19. Nxc3 Kxf8 20. Rfe1 Bxc3 21. bxc3 Bf5 22. Re3 Bxc2 23. Rc1 Bf5 24. c4 Rc8 25. Rec3 Be6 26. a4 Rc5 27. Rb3 b6 28. Rb5 Rxc4 29. Rxc4 Bxc4 30. Rxh5 Kg7 31. Kg2 f6 32. Rf5 e6 33. Rf4 d5 34. Rd4 e5 35. Rd1 Bb3 36. Rc1 Bxa4 37. Rc7+ Kg6 38. Rxa7 b5 39. Kf3 Bb3 40. Ke3 d4+ 41. Kd2 h5 42. Rd7 Kf5 43. f4 Bc4 44. Rd6 b4 45. Rc6 b3 46. Rb6 Bd5 47. Ke2 d3+ 48. Kxd3 Bf3 49. Rxb3 Kg4 50. Rb6 Kxg3 51. Rxf6 e4+ 52. Ke3 Kxh4 1/2-1/2

[Event "POL-chT U19 2nd League"]
[Site "Szczyrk"]
[Date "2014.07.26"]
[Round "2.104"]
[White "Kaluzny, Jan"]
[Black "Zarnowski, Krzysztof"]
[Result "0-1"]
[WhiteElo "1367"]
[BlackElo "1906"]
[PlyCount "78"]
[EventDate "2014.07.25"]
[EventType "team-swiss"]
[EventRounds "11"]
[EventCountry "POL"]
[SourceTitle "EXT 2015"]
[Source "ChessBase"]
[SourceDate "2014.11.20"]
[SourceVersion "1"]
[SourceVersionDate "2014.11.20"]
[SourceQuality "1"]
[WhiteTeam "Poznan Politechnika U19"]
[BlackTeam "Gorlice GKSz Kornuty U19"]
[WhiteTeamCountry "POL"]
[BlackTeamCountry "POL"]

1. e4 c5 2. Nf3 e6 3. d4 cxd4 4. Nxd4 a6 5. Nc3 Qc7 6. a3 Nf6 7. Be3 b5 8. Bd3 Bb7 9. f3 d5 10. exd5 Nxd5 11. Nxd5 Bxd5 12. 0-0 Bd6 13. h3 0-0 14. Kh1 Rd8 15. Qe1 Bg3 16. Qe2 Be5 17. Qf2 Nd7 18. Qh4 g6 19. c3 Bg7 20. Be4 Nb6 21. Bg5 Rd7 22. Bf6 Nc4 23. Bxd5 Rxd5 24. Bxg7 Kxg7 25. b3 Na5 26. Rac1 e5 27. Qg3 Qd7 28. b4 exd4 29. bxa5 d3 30. c4 bxc4 31. Rxc4 d2 32. Rd1 Qb5 33. Qf4 Qb3 34. Rxd2 Rxd2 35. Qxd2 Qxc4 36. Qb2+ Kg8 37. Qb7 Rc8 38. Qe7 Qc1+ 39. Kh2 Qc7+ 0-1